Welcome to the Holygrace Academy Library

Please use search bar below to get started

SYSTEMATIC APPROACH FOR CYBER SECURITY (Record no. 8922)

MARC details
000 -LEADER
fixed length control field 00360nam a22001337a 4500
082 ## - DEWEY DECIMAL CLASSIFICATION NUMBER
Classification number 001
Item number SHA/S
100 ## - MAIN ENTRY--AUTHOR NAME
Personal name SHAJU, JANEENA
245 ## - TITLE STATEMENT
Title SYSTEMATIC APPROACH FOR CYBER SECURITY
246 ## - VARYING FORM OF TITLE
Title proper/short title SYSTEMATIC APPROACH FOR CYBER SECURITY
Remainder of title SYSTEMATIC APPROACH FOR CYBER SECURITY
260 ## - PUBLICATION, DISTRIBUTION, ETC. (IMPRINT)
Place of publication INDIA
Name of publisher AASAN
Year of publication 2024
300 ## - PHYSICAL DESCRIPTION
Number of Pages 218
650 ## - SUBJECT ADDED ENTRY--TOPICAL TERM
Topical Term COMPUTER
942 ## - ADDED ENTRY ELEMENTS (KOHA)
Koha item type Books

No items available.